00335nam a2200145Ia 4500008004100000020001500041041000800056082001700064100002500081245001600106250000600122260003200128300001100160650001800171210716s9999 xx 000 0 und d a8170292565 aeng a005.133 KANY aKanetkar, Yashavant. aC projects. a1 aNew DelhibBPB Publications axi,596 aC Programming